| 000 | 00528nam a2200169 4500 | ||
|---|---|---|---|
| 001 | 144418 | ||
| 003 | ES-MaACL | ||
| 005 | 20230906201019.0 | ||
| 007 | t| | ||
| 008 | 070214s1921 fr r ||||1| fre d | ||
| 100 | 1 |
_aSilberstein, L. _9106336 |
|
| 245 | 1 | 0 |
_aEléments d'algébre vectorielle et d'analyse vectorielle / _cL. Silberstein ; traduit de l'anglais par Georges Matisse. |
| 260 |
_aParis : _bGauthier, _c1921. |
||
| 300 |
_aVIII, 128 p. ; _c19 cm. |
||
| 700 | 1 |
_aMatisse, Georges. _979084 |
|
| 852 |
_aES-MaACL _jF-590 |
||
| 999 |
_c144418 _d144418 |
||